000 01134nam a22003137a 4500
001 BR7908990
003 BR-BrBNA
005 20230928090421.0
007 ta
008 230509b bl.||||| |||| 00| 0 por d
040 _aBR-BrBNA
_bpor
_cBiblioteca Nacional de Agricultura
041 _a(Por)
072 _aH20
_b0230
_b4120
_b/G514
090 _ 0230 BR7908990
100 1 _aSena, R.C. de
110 1 _aUniversidade Federal Rural de Pernambuco, Recife (Brasil)
_0Tese (Mestrado em Fitossanidade)
245 1 _aComplexo podridao vermelha (Fusarium, Colletotrichum)de cana-de-acucar (Saccharum officinarum L.)no Estado de Pernambuco: Observacoes sobre a etiologia e influencia na producao industrial [Brasil]
260 3 _aRecife, PE (Brasil):
_c1979.
300 _a45 p.
500 _a15 ref.; Summaries (Eng, Por). (*) Documento disponível na(o) Universidade Federal Rural de Pernambuco, Recife (Brazil)
650 _aCANA DE ACUCAR
650 _aPODRIDAO VERMELHA
650 _aFUNGO
650 _aBIOLOGIA
650 _aETIOLOGIA
650 _aPERNAMBUCO
909 _a202309
_bLucia
_c55
_dLucia Elande
942 _cBK
999 _c28769
_d28769